[Event "Thanet op-B 50th"]
[Site "Margate"]
[Date "2019.08.17"]
[Round "2"]
[White "Smyth, Kevin"]
[Black "Heath, David R"]
[Result "1/2-1/2"]
[WhiteElo "1915"]
[BlackElo "1877"]
[PlyCount "69"]
[EventDate "2019.08.16"]
[EventType "swiss"]
[EventRounds "5"]
[EventCountry "ENG"]
[SourceTitle "EXT 2024"]
[Source "ChessBase"]
[SourceDate "2023.10.10"]
[SourceVersion "1"]
[SourceVersionDate "2023.10.10"]
[SourceQuality "1"]

1. d4 d5 2. c4 Nc6 3. Nf3 Bg4 4. Nc3 e6 5. cxd5 Bxf3 6. dxc6 Bxc6 7. Bf4 Bd6 8. Qd2 Nf6 9. f3 0-0 10. Bxd6 Qxd6 11. e4 e5 12. d5 Bd7 13. g4 c6 14. dxc6 Qxd2+ 15. Kxd2 Bxc6 16. Ke3 Rfd8 17. Bc4 Rd4 18. Bb3 Rad8 19. Rhd1 Kf8 20. Ne2 Rxd1 21. Rxd1 Rxd1 22. Bxd1 Ke7 23. b4 Ne8 24. Bb3 f6 25. Nc3 Kd6 26. h4 Nc7 27. a4 a6 28. Ne2 Bd7 29. Ng3 g6 30. h5 Be6 31. Bxe6 Nxe6 32. hxg6 hxg6 33. Ne2 b6 34. Nc3 Nf4 35. Kd2 1/2-1/2